000 00495ntaaa2200193 4500
003 01
005 20251027201604.0
008 0714s1973 ag 01
040 _aAR-BaBN
_bspa
_cAR-BaBN
_eaacr
_dRIC
082 _a230.0000 R39
100 _aRichardson, Alan
245 _aThe Gospel; and modern thought.
250 _a1 ed.
260 _aLondon :
_bOxford University Press,
_c1950
300 _a207 p.
500 _ael evangelio y el pensamiento moderno
650 _aTeologĂ­a
942 _cBK
999 _c10474
_d10474